[Event "Euro Online U2300 Day 2"]
[Site "chess.com INT"]
[Date "2020.05.26"]
[Round "1"]
[White "Rzayev, Askar Aliakbar"]
[Black "Mammadov, Sadig"]
[Result "1-0"]
[BlackTitle "FM"]
[WhiteElo "2129"]
[BlackElo "2237"]
[WhiteFideId "13405039"]
[BlackFideId "13408712"]
[EventDate "2020.05.26"]

1. Nf3 Nf6 2. c4 g6 3. Nc3 d6 4. e4 Bg7 5. d4 O-O 6. h3 e5 7. d5 Nh5 8. g3 Qe8
9. Be2 f5 10. Ng5 Nf6 11. Bf3 fxe4 12. Ncxe4 Nxe4 13. Nxe4 Na6 14. Be3 Bf5 15.
Bg2 b6 16. O-O Nc5 17. Nxc5 bxc5 18. g4 Bd7 19. Be4 Rb8 20. b3 a5 21. Rb1 Qc8
22. f3 Qa6 23. Kg2 a4 24. Qc2 Rb7 25. h4 Ra8 26. h5 Be8 27. hxg6 hxg6 28. Bxg6
axb3 29. axb3 Qa2 30. Bh7+ Kf8 31. Rb2 Qa3 32. Qf5+ Bf7 33. Rbf2 Qxb3 34. Bg6 c6
35. dxc6 Rc7 36. Bxf7 Rxf7 37. Qe4 Rc8 38. f4 Qa4 39. fxe5 Rc7 40. e6 Rxf2+ 41.
Rxf2+ Kg8 42. e7 Rxe7 43. Qxe7 Qxc6+ 44. Kg1 1-0

[Event "Euro Online U2300 Day 2"]
[Site "chess.com INT"]
[Date "2020.05.26"]
[Round "1"]
[White "Roque, Gaetan"]
[Black "Timoshin, Andrei"]
[Result "0-1"]
[WhiteElo "2128"]
[BlackElo "2132"]
[WhiteFideId "20666934"]
[BlackFideId "4503503"]
[EventDate "2020.05.26"]

1. d4 d5 2. Bf4 Nf6 3. e3 e6 4. Nd2 c5 5. c3 Bd6 6. Bg3 Qc7 7. f4 cxd4 8. cxd4
Qb6 9. Ngf3 O-O 10. Bd3 Qxb2 11. O-O Nc6 12. a3 Qb6 13. Bh4 Be7 14. Ne5 Qc7 15.
Rf3 g6 16. Rc1 Ne8 17. Bxe7 Qxe7 18. a4 Bd7 19. Rf2 Nd6 20. Nb3 Nf5 21. Nc5 Nxe5
22. Bxf5 Nc4 23. Bd3 Nxe3 24. Qe1 Ng4 25. Rfc2 Bc6 26. a5 Qf6 27. Qc3 Qxf4 28.
a6 Qxh2+ 29. Kf1 Qh1+ 30. Ke2 Qxg2+ 31. Kd1 Ne3+ 32. Ke1 Nxc2+ 33. Rxc2 Qg1+ 34.
Ke2 bxa6 35. Nxa6 Rac8 0-1

[Event "Euro Online U2300 Day 2"]
[Site "chess.com INT"]
[Date "2020.05.26"]
[Round "1"]
[White "Gasimov, Parviz"]
[Black "Tobak, Mikhail"]
[Result "0-1"]
[WhiteTitle "FM"]
[WhiteElo "2337"]
[BlackElo "2067"]
[WhiteFideId "13408798"]
[BlackFideId "14165570"]
[EventDate "2020.05.26"]

1. e4 Nf6 2. e5 Nd5 3. d4 d6 4. c4 Nb6 5. f4 dxe5 6. fxe5 Bf5 7. Nc3 e6 8. Be3
Nc6 9. Nf3 Qd7 10. Be2 O-O-O 11. O-O f6 12. exf6 gxf6 13. a4 Bb4 14. Qb3 a5 15.
Nb5 Be4 16. Rad1 Qg7 17. Bf4 Rhg8 18. Bg3 e5 19. d5 Bc5+ 20. Kh1 Nb4 21. Rd2 Qh6
22. Be1 Be3 23. d6 Bxd2 24. Bxd2 Qg6 25. Rg1 c5 26. Nh4 Qf7 27. Qe3 Bc6 28. Qxc5
Nd7 29. Qa7 Na6 30. Bxa5 Ndb8 31. Bxd8 Kxd8 32. Qb6+ Ke8 33. Nf5 Qd7 34. Nc7+
Kf8 35. Ne3 Qxd6 36. Nxa6 Nxa6 37. Qb3 Nc5 38. Qc2 Ne4 39. Rf1 Qd4 40. Nf5 Nf2+
41. Rxf2 Qxf2 0-1

[Event "Euro Online U2300 Day 2"]
[Site "chess.com INT"]
[Date "2020.05.26"]
[Round "1"]
[White "Risteski, Emil"]
[Black "Hakobyan, Hakob V."]
[Result "1-0"]
[WhiteElo "2159"]
[BlackElo "2070"]
[WhiteFideId "15005267"]
[BlackFideId "13308807"]
[EventDate "2020.05.26"]

1. e4 Nc6 2. Nf3 d6 3. d4 Nf6 4. Nc3 g6 5. d5 Nb8 6. h3 Bg7 7. Bc4 O-O 8. O-O c6
9. a4 a5 10. Qe2 Na6 11. Bf4 Nb4 12. Rad1 Nd7 13. e5 dxe5 14. Nxe5 Nxe5 15. Bxe5
Bxe5 16. Qxe5 cxd5 17. Nxd5 Nxd5 18. Bxd5 Qe8 19. b3 e6 20. Bf3 Qe7 21. Qd6 Qf6
22. Rd2 Ra6 23. Qc7 e5 24. Rfd1 Bf5 25. Bxb7 Re6 26. Qxa5 e4 27. Rd8 Ree8 28.
Rxe8 Rxe8 29. Qc5 h5 30. a5 Re5 31. Qd4 e3 32. fxe3 Kh7 33. a6 Bxh3 34. a7 Qe7
35. a8=Q Rxe3 36. Qah8# 1-0

[Event "Euro Online U2300 Day 2"]
[Site "chess.com INT"]
[Date "2020.05.26"]
[Round "1"]
[White "Alexakis, Dimitris"]
[Black "Gavilan Diaz, Mario"]
[Result "1-0"]
[WhiteTitle "FM"]
[BlackTitle "FM"]
[WhiteElo "2450"]
[BlackElo "2278"]
[WhiteFideId "4277023"]
[BlackFideId "2260905"]
[EventDate "2020.05.26"]

1. e4 e5 2. Nf3 Nc6 3. d4 exd4 4. Nxd4 Nf6 5. Nc3 Bb4 6. Nxc6 bxc6 7. Bd3 O-O 8.
O-O d5 9. exd5 cxd5 10. Bg5 c6 11. Ne2 Bd6 12. Nd4 Bd7 13. Qf3 Be5 14. c3 Qc7
15. h3 Rab8 16. b3 c5 17. Nf5 Bxc3 18. Ne7+ Kh8 19. Bxf6 Bxf6 20. Nxd5 Qb7 21.
Rad1 Bd4 22. Bxh7 g6 23. Rxd4 cxd4 24. Qf6+ Kxh7 25. Qh4+ Kg8 26. Nf6+ Kg7 27.
Qxd4 Be6 28. Ne8+ Kh6 29. Qh4# 1-0

[Event "Euro Online U2300 Day 2"]
[Site "chess.com INT"]
[Date "2020.05.26"]
[Round "1"]
[White "Terbe, Julianna"]
[Black "Nalbant, Tuna Onat"]
[Result "0-1"]
[WhiteTitle "WIM"]
[BlackTitle "IM"]
[WhiteElo "2273"]
[BlackElo "2372"]
[WhiteFideId "708780"]
[BlackFideId "6372821"]
[EventDate "2020.05.26"]

1. d4 Nf6 2. Nf3 d5 3. g3 g6 4. Bg2 Bg7 5. c4 O-O 6. O-O dxc4 7. Na3 c3 8. bxc3
c5 9. Qb3 Nc6 10. Rd1 cxd4 11. cxd4 Ne4 12. Bb2 Qa5 13. Nc4 Qb4 14. Nfe5 Qxb3
15. axb3 Nxe5 16. Nxe5 f5 17. Rac1 Rd8 18. Rd3 b6 19. f3 Nf6 20. Nc6 Rd7 21. Ba3
Ba6 22. Rd2 e6 23. Ne5 Rd5 24. e4 Ra5 25. Be7 Bh6 26. f4 Nxe4 27. Rdc2 Re8 28.
Rc7 Bg7 29. Rxa7 Bb5 30. Rxa5 bxa5 31. Ba3 Rb8 32. Rc7 Be8 33. b4 axb4 34. Bxb4
Bxe5 0-1

[Event "Euro Online U2300 Day 2"]
[Site "chess.com INT"]
[Date "2020.05.26"]
[Round "1"]
[White "Salna, Aleksandras"]
[Black "Mladek, Richard"]
[Result "1-0"]
[BlackTitle "FM"]
[WhiteElo "2063"]
[BlackElo "2280"]
[WhiteFideId "12807575"]
[BlackFideId "386588"]
[EventDate "2020.05.26"]

1. d4 Nf6 2. c4 g6 3. Nc3 d5 4. Nf3 Bg7 5. Qb3 dxc4 6. Qxc4 O-O 7. e4 c6 8. Be2
b5 9. Qb3 Bg4 10. e5 Nfd7 11. Be3 Nb6 12. O-O a5 13. Ne4 Na6 14. a3 Nd5 15. Rac1
Qb6 16. h3 Be6 17. Qc2 Rfc8 18. Nc5 Bf5 19. Qd2 Nxc5 20. Rxc5 Bd7 21. Ng5 h6 22.
Ne4 Bf5 23. Ng3 Be6 24. Bxh6 b4 25. Bxg7 Kxg7 26. Rfc1 bxa3 27. bxa3 Qb3 28. Qd3
Rcb8 29. Rxc6 Nf4 30. Qxb3 Rxb3 31. Bf3 Nxh3+ 32. Kf1 Ng5 33. Rxe6 Nxf3 34. Rxe7
Nxd4 35. Ne4 Rc8 36. Rd1 Nf5 37. Ra7 Rxa3 38. g4 Nh4 39. Ng5 Rc4 40. e6 Kf6 41.
exf7 Rc8 42. f8=Q+ Rxf8 43. Nh7+ Ke5 44. Nxf8 1-0

[Event "Euro Online U2300 Day 2"]
[Site "chess.com INT"]
[Date "2020.05.26"]
[Round "1"]
[White "Brilej, Jaka"]
[Black "Gombocz, Ferenc Jr."]
[Result "1/2-1/2"]
[WhiteTitle "CM"]
[BlackTitle "FM"]
[WhiteElo "2228"]
[BlackElo "2209"]
[WhiteFideId "14618818"]
[BlackFideId "775029"]
[EventDate "2020.05.26"]

1. e3 d5 2. d3 Nf6 3. d4 c5 4. Nf3 Nc6 5. Nbd2 Bg4 6. c3 e6 7. Qa4 Nd7 8. Bb5
Qc7 9. dxc5 Bxf3 10. Nxf3 Nxc5 11. Qc2 a6 12. Be2 Bd6 13. O-O Ne4 14. h3 O-O 15.
a3 f5 16. c4 Ne5 17. Nd4 Rae8 18. cxd5 exd5 19. Qxc7 Bxc7 20. b3 Bb6 21. Bb2 f4
22. Rad1 fxe3 23. fxe3 Ng3 24. Rxf8+ Rxf8 25. Kh2 Nxe2 26. Nxe2 Nc6 27. Nf4 Bc7
28. Rxd5 Bxf4+ 29. exf4 Rxf4 30. Rd7 Rf7 31. Rd2 Kf8 32. b4 g6 33. Kg3 Ke8 34.
Kg4 Rf5 35. Kg3 Ke7 36. Re2+ Kd7 37. Rd2+ Ke7 38. Re2+ Kd7 39. Rd2+ Ke7 1/2-1/2

[Event "Euro Online U2300 Day 2"]
[Site "chess.com INT"]
[Date "2020.05.26"]
[Round "1"]
[White "Lund, Terje"]
[Black "Hadzimanolis, Antonios"]
[Result "0-1"]
[BlackTitle "FM"]
[WhiteElo "2104"]
[BlackElo "2214"]
[WhiteFideId "1504754"]
[BlackFideId "4202813"]
[EventDate "2020.05.26"]

1. d4 Nf6 2. c4 c5 3. Nf3 cxd4 4. Nxd4 e5 5. Nb5 d5 6. cxd5 Bc5 7. e3 a6 8. N5c3
O-O 9. Be2 e4 10. Nd2 Re8 11. O-O b5 12. a3 Nbd7 13. b4 Bd6 14. Bb2 Bb7 15. Nb3
Rc8 16. Nd4 Nb6 17. Nf5 Be5 18. Qd2 Nbxd5 19. Nxd5 Nxd5 20. Rfd1 Qf6 21. Bxe5
Rxe5 22. Ng3 g6 23. Rac1 Rce8 24. Rc5 h5 25. Bf1 Kg7 26. Ne2 Rg5 27. g3 h4 28.
Qd4 Rge5 29. Nf4 hxg3 30. hxg3 Nxf4 31. Rxe5 Qxe5 32. Qxe5+ Rxe5 33. exf4 Re7
34. Bg2 Rc7 35. Rd4 f5 36. g4 Kf6 37. g5+ Ke6 38. Bf1 Rc1 39. Rd8 Bd5 0-1

[Event "Euro Online U2300 Day 2"]
[Site "chess.com INT"]
[Date "2020.05.26"]
[Round "1"]
[White "Potapova, Margarita"]
[Black "Bivol, Alina"]
[Result "1/2-1/2"]
[WhiteTitle "WIM"]
[BlackTitle "WGM"]
[WhiteElo "2270"]
[BlackElo "2386"]
[WhiteFideId "14126869"]
[BlackFideId "4100123"]
[EventDate "2020.05.26"]

1. d4 Nf6 2. c4 g6 3. Nc3 Bg7 4. e4 d6 5. h3 O-O 6. Be3 a6 7. Nf3 c6 8. Be2 b5
9. e5 Nfd7 10. exd6 exd6 11. O-O Nf6 12. Nd2 Re8 13. Bf3 Bf5 14. Re1 b4 15. Na4
d5 16. Qb3 a5 17. Rac1 Ne4 18. cxd5 cxd5 19. Nxe4 dxe4 20. Bg4 Bxg4 21. hxg4 Nd7
22. Rc6 Nf8 23. d5 Qh4 24. g5 Nd7 25. g3 Qh3 26. Bf4 Be5 27. Qe3 Bxf4 28. gxf4
Qf5 29. Rd6 Rad8 30. Rc1 Qg4+ 31. Kf1 Qh4 32. Kg2 Qg4+ 33. Kf1 Qh4 34. Kg2 Qg4+
35. Kf1 1/2-1/2

[Event "Euro Online U2300 Day 2"]
[Site "chess.com INT"]
[Date "2020.05.26"]
[Round "1"]
[White "Schlegel, Igor"]
[Black "Goltseva, Ekaterina"]
[Result "1-0"]
[BlackTitle "FM"]
[WhiteElo "2027"]
[BlackElo "2306"]
[WhiteFideId "1334956"]
[BlackFideId "24173770"]
[EventDate "2020.05.26"]

1. e4 e5 2. Nf3 Nc6 3. Bc4 Nf6 4. Ng5 d5 5. exd5 Na5 6. Bb5+ c6 7. dxc6 bxc6 8.
Bd3 Ng4 9. Ne4 f5 10. Be2 h5 11. h3 fxe4 12. hxg4 Bc5 13. b4 Bxb4 14. Nc3 Qd4
15. gxh5 O-O 16. O-O Bc5 17. Qe1 Be6 18. d3 exd3 19. Bxd3 Bb4 20. Bd2 Nc4 21.
Ne2 Qxa1 22. Qxa1 Bxd2 23. Ng3 Bf4 24. Ne4 Bd5 25. Qc3 Nb6 26. g3 Bh6 27. Qxe5
Rae8 28. Qd4 Re6 29. f4 Rfe8 30. Ng5 Re3 31. Kh2 Nd7 32. c4 Bxg5 33. fxg5 Re2+
34. Bxe2 Rxe2+ 35. Rf2 Ne5 36. Rxe2 Nf3+ 37. Kh3 Nxd4 38. cxd5 Nxe2 39. dxc6
Ng1+ 40. Kg2 1-0

[Event "Euro Online U2300 Day 2"]
[Site "chess.com INT"]
[Date "2020.05.26"]
[Round "1"]
[White "Gevorgyan, Albert"]
[Black "Altarbosh, Ward"]
[Result "0-1"]
[BlackTitle "FM"]
[WhiteElo "2170"]
[BlackElo "2234"]
[WhiteFideId "13309951"]
[BlackFideId "7601450"]
[EventDate "2020.05.26"]

1. Nf3 d5 2. d4 Nf6 3. c4 c6 4. Nc3 dxc4 5. a4 Bf5 6. e3 e6 7. Bxc4 Bb4 8. O-O
Nbd7 9. Qe2 Bg6 10. e4 O-O 11. Bd3 Qe7 12. e5 Nd5 13. Nxd5 cxd5 14. Bg5 f6 15.
exf6 gxf6 16. Bf4 Rac8 17. Rfc1 Bd6 18. Bh6 Rfe8 19. a5 e5 20. Bxg6 hxg6 21. Qb5
Kh7 22. Be3 e4 23. Nd2 Rxc1+ 24. Rxc1 f5 25. g3 Nf6 26. Bg5 Qd7 27. Qxd7+ Nxd7
28. Nf1 Kg7 29. Ne3 Nf6 30. Bxf6+ Kxf6 31. Nxd5+ Kf7 32. Ne3 Ke6 33. h4 f4 34.
gxf4 Bxf4 35. a6 Rb8 36. axb7 Rxb7 37. Rc6+ Kf7 38. Nd5 Bb8 39. b4 Rd7 40. Rc5
Ke6 41. Nc3 Rxd4 42. Rc6+ Kf5 43. b5 Be5 44. Kg2 Rd2 45. Rc5 e3 46. Kf1 Rxf2+
47. Ke1 Rh2 48. Nd1 Ke4 49. Rc4+ Kd3 50. Rg4 Rh1+ 0-1

[Event "Euro Online U2300 Day 2"]
[Site "chess.com INT"]
[Date "2020.05.26"]
[Round "1"]
[White "Heinmets, Tonu"]
[Black "Baskin, Robert"]
[Result "1/2-1/2"]
[BlackTitle "IM"]
[WhiteElo "1886"]
[BlackElo "2390"]
[WhiteFideId "4500962"]
[BlackFideId "24662402"]
[EventDate "2020.05.26"]

1. Nf3 Nf6 2. g3 b6 3. Bg2 Bb7 4. O-O c5 5. d3 e6 6. e4 d5 7. e5 Nfd7 8. h4 Nc6
9. Re1 Be7 10. Bf4 h6 11. h5 Qc7 12. c3 O-O-O 13. g4 g6 14. Bg3 gxh5 15. gxh5
Rhg8 16. Nbd2 Rg7 17. c4 d4 18. Qe2 Rdg8 19. Kh2 Kb8 20. a3 f6 21. Rg1 fxe5 22.
Rae1 Nf6 23. Bh3 Nxh5 24. Bxe6 Nxg3 25. Rxg3 Rxg3 26. fxg3 Rg6 27. Bd5 Bd6 28.
Qe4 Rf6 29. Qh4 Qg7 30. Ne4 Rxf3 31. Nxd6 Rf2+ 32. Kg1 Qf6 33. Qxf6 Rxf6 34.
Nxb7 Kxb7 35. Rxe5 Kc7 36. Bxc6 Kxc6 37. Kg2 a6 38. b4 Rg6 1/2-1/2

[Event "Euro Online U2300 Day 2"]
[Site "chess.com INT"]
[Date "2020.05.26"]
[Round "1"]
[White "Rabatin, Jakub"]
[Black "Saveliev, Alexei"]
[Result "0-1"]
[WhiteTitle "FM"]
[BlackTitle "IM"]
[WhiteElo "2271"]
[BlackElo "2352"]
[WhiteFideId "329517"]
[BlackFideId "24128546"]
[EventDate "2020.05.26"]

1. e4 c5 2. Nf3 e6 3. d4 cxd4 4. Nxd4 a6 5. Nc3 Qc7 6. Bd3 Nf6 7. O-O Nc6 8.
Nxc6 dxc6 9. f4 e5 10. f5 b5 11. a4 Bb7 12. Qe2 Rc8 13. Bg5 Be7 14. Kh1 O-O 15.
b3 Ne8 16. Bd2 Nf6 17. Rf3 Kh8 18. Rh3 Rfd8 19. g4 c5 20. g5 c4 21. gxf6 Bxf6
22. Qh5 Kg8 23. Nxb5 axb5 24. Qxh7+ Kf8 25. Bb4+ Rd6 26. Kg1 Ke7 27. Be2 Bxe4
28. Rd1 Rd8 29. axb5 Bxc2 30. Rxd6 Rxd6 31. Bxc4 Qa7+ 32. Kg2 Be4+ 33. Kf1 Qa1+ 0-1

[Event "Euro Online U2300 Day 2"]
[Site "chess.com INT"]
[Date "2020.05.26"]
[Round "1"]
[White "Olsen, Filip Boe"]
[Black "Terletsky, Oleg"]
[Result "1-0"]
[WhiteTitle "IM"]
[BlackTitle "IM"]
[WhiteElo "2353"]
[BlackElo "2307"]
[WhiteFideId "1440640"]
[BlackFideId "14116774"]
[EventDate "2020.05.26"]

1. d4 Nf6 2. c4 g6 3. Nc3 Bg7 4. e4 d6 5. h3 O-O 6. Nf3 e5 7. d5 a5 8. Bg5 Na6
9. Be2 Qe8 10. g4 Nd7 11. h4 Ndc5 12. Nd2 f5 13. gxf5 gxf5 14. a3 fxe4 15. Ndxe4
Nxe4 16. Nxe4 Bf5 17. Ng3 Bd7 18. Nh5 Qf7 19. Be3 Kh8 20. Nxg7 Qxg7 21. Qd2 Nc5
22. Bh6 Qf6 23. Bxf8 Rxf8 24. Qe3 a4 25. h5 Nb3 26. Rd1 Nd4 27. Rc1 Bf5 28. f3
Nc2+ 29. Rxc2 Bxc2 30. Kd2 Bf5 31. Rg1 e4 32. fxe4 Qxb2+ 33. Ke1 Qb1+ 34. Bd1 1-0

[Event "Euro Online U2300 Day 2"]
[Site "chess.com INT"]
[Date "2020.05.26"]
[Round "1"]
[White "Ismayilov, Firuz"]
[Black "Tsomaia, Nikoloz"]
[Result "1-0"]
[WhiteElo "1590"]
[BlackElo "2240"]
[WhiteFideId "13416561"]
[BlackFideId "13611518"]
[EventDate "2020.05.26"]

1. d4 Nf6 2. Nf3 g6 3. c4 Bg7 4. Nc3 O-O 5. Bg5 c5 6. e3 d6 7. Be2 Nc6 8. O-O
Bf5 9. d5 Ne5 10. Nxe5 dxe5 11. Rc1 Ne8 12. e4 Bd7 13. Qd2 Nd6 14. Bh6 f6 15.
Bxg7 Kxg7 16. f4 Nf7 17. f5 Nd6 18. fxg6 hxg6 19. b3 Rh8 20. Qe3 a6 21. Qxc5 Rh4
22. Qe3 b6 23. b4 a5 24. c5 axb4 25. cxd6 bxc3 26. dxe7 Qxe7 27. Rxc3 Rxa2 28.
Rc7 Qd6 29. Rfc1 Kg8 30. Qg3 g5 31. Bc4 Ra4 32. Bd3 Ra3 33. Qf3 Rf4 34. Qe2 b5
35. g3 Bg4 36. Rc8+ Kg7 37. R1c7+ 1-0

[Event "Euro Online U2300 Day 2"]
[Site "chess.com INT"]
[Date "2020.05.26"]
[Round "1"]
[White "Radosevic, Nenad"]
[Black "Sedina, Elena"]
[Result "1-0"]
[BlackTitle "IM"]
[WhiteElo "2157"]
[BlackElo "2299"]
[WhiteFideId "906395"]
[BlackFideId "812153"]
[EventDate "2020.05.26"]

1. d4 d5 2. Nf3 Nf6 3. c4 c6 4. Nc3 dxc4 5. a4 Bf5 6. e3 e6 7. Bxc4 Bb4 8. O-O
Nbd7 9. h3 O-O 10. Nh4 Bg6 11. Nxg6 hxg6 12. Qc2 Rc8 13. Rd1 Qe7 14. e4 e5 15.
Qe2 exd4 16. Rxd4 Rfe8 17. Bg5 Bc5 18. Rd2 Qe5 19. Bh4 Qf4 20. Bxf6 Nxf6 21.
Rad1 Nxe4 22. Nxe4 Qxe4 23. Qxe4 Rxe4 24. Bb3 Rce8 25. Rd7 R4e7 26. Kf1 Kf8 27.
g4 a5 28. Kg2 g5 29. Kf3 g6 30. R1d3 Kg7 31. Kg2 Kf8 32. Kf3 Kg7 33. Kg2 Rxd7
34. Rxd7 Re7 35. Rd8 Re2 36. Rd7 Rxf2+ 37. Kg3 Rxb2 38. Rxf7+ Kh6 39. Rxb7 1-0

[Event "Euro Online U2300 Day 2"]
[Site "chess.com INT"]
[Date "2020.05.26"]
[Round "1"]
[White "Korneevets, Alexander"]
[Black "Ranaldi, Lucas"]
[Result "1/2-1/2"]
[WhiteTitle "IM"]
[BlackTitle "FM"]
[WhiteElo "2267"]
[BlackElo "2353"]
[WhiteFideId "13500180"]
[BlackFideId "1519484"]
[EventDate "2020.05.26"]

1. e4 c6 2. Nc3 d5 3. Nf3 Bg4 4. h3 Bxf3 5. Qxf3 Nf6 6. Be2 e6 7. O-O Nbd7 8. d4
dxe4 9. Nxe4 Nxe4 10. Qxe4 Nf6 11. Qd3 Be7 12. a4 O-O 13. a5 Qc7 14. a6 b6 15.
Qf3 Rfd8 16. c3 Rac8 17. Bf4 Bd6 18. Bg5 Be7 19. Rfd1 Nd5 20. Bd2 Bf6 21. g3 Rd7
22. h4 Rcd8 23. Be1 Ne7 24. Kg2 Nf5 25. Kg1 Ne7 26. Rd3 Rd5 27. Rad1 Qc8 28. Ra1
Qd7 29. Rdd1 Qc7 30. Bc4 R5d7 31. Bf1 Qc8 32. Be2 Nd5 33. h5 h6 34. Kg2 b5 35.
Bd2 Rd6 36. Re1 R6d7 37. Bf1 Qc7 38. Be2 Qc8 39. Bf1 Qc7 40. Be2 Qc8 1/2-1/2

[Event "Euro Online U2300 Day 2"]
[Site "chess.com INT"]
[Date "2020.05.26"]
[Round "1"]
[White "Rogule, Laura"]
[Black "Vardanyan, Aras"]
[Result "0-1"]
[WhiteTitle "WGM"]
[WhiteElo "2297"]
[BlackElo "2178"]
[WhiteFideId "11601876"]
[BlackFideId "12808792"]
[EventDate "2020.05.26"]

1. c4 c5 2. Nc3 Nc6 3. g3 g6 4. Bg2 Bg7 5. e4 d6 6. Nge2 e5 7. d3 Nge7 8. h4 h6
9. Be3 Be6 10. Qd2 Qd7 11. Nd5 Nd4 12. f3 f5 13. Nec3 O-O 14. O-O-O Kh7 15. h5
g5 16. f4 exf4 17. gxf4 g4 18. e5 Rab8 19. Nxe7 Qxe7 20. Bxd4 cxd4 21. Nb5 dxe5
22. fxe5 Rfd8 23. Qf4 Qc5 24. Rde1 Rf8 25. Nxd4 Bd7 26. Nb3 Qb4 27. e6 Rbe8 28.
Bd5 Ba4 29. Kc2 a5 30. Re5 b5 31. Rxf5 Bxb3+ 32. axb3 a4 33. d4 Qxb3+ 34. Kc1 a3
35. Qe4 Qxb2+ 36. Kd1 Kh8 37. cxb5 Rxf5 38. Qxf5 Rc8 39. Bc6 a2 40. Qc2 a1=Q+
41. Kd2 Qxc2+ 42. Kxc2 Qxh1 0-1

[Event "Euro Online U2300 Day 2"]
[Site "chess.com INT"]
[Date "2020.05.26"]
[Round "1"]
[White "Skatchkov, Valery"]
[Black "Usmanov, Ilnur"]
[Result "1-0"]
[WhiteTitle "FM"]
[WhiteElo "2242"]
[BlackElo "2147"]
[WhiteFideId "24195812"]
[BlackFideId "4111303"]
[EventDate "2020.05.26"]

1. d4 d5 2. c4 c6 3. Nf3 Nf6 4. Nc3 a6 5. Qc2 b5 6. e4 b4 7. e5 bxc3 8. exf6
cxb2 9. Bxb2 exf6 10. Bd3 Bb4+ 11. Bc3 Qa5 12. Bd2 Bg4 13. Rb1 Bxd2+ 14. Nxd2
dxc4 15. Bxc4 O-O 16. O-O Bf5 17. Ne4 Nd7 18. Bd3 Rac8 19. Nxf6+ Nxf6 20. Bxf5
Rcd8 21. Rfd1 Rd5 22. Bd3 c5 23. dxc5 Rxc5 24. Qe2 Re8 25. Qf1 Qxa2 26. Bxa6 h6
27. h3 Rce5 28. Bc4 Qa5 29. Qd3 Re1+ 30. Rxe1 Rxe1+ 31. Rxe1 Qxe1+ 32. Kh2 Qe5+
33. g3 Ne4 34. Qd8+ Kh7 35. Bxf7 Nf6 36. Bc4 Kg6 37. Bd3+ Kf7 38. Bc4+ Kg6 39.
Qd3+ Ne4 40. Bd5 Kf5 41. Kg2 h5 42. Kf3 1-0

[Event "Euro Online U2300 Day 2"]
[Site "chess.com INT"]
[Date "2020.05.26"]
[Round "1"]
[White "Bruil, Rembrandt"]
[Black "Caputcuoglu, Zeki Berke"]
[Result "1-0"]
[WhiteTitle "CM"]
[BlackTitle "CM"]
[WhiteElo "2105"]
[BlackElo "2138"]
[WhiteFideId "1053590"]
[BlackFideId "34548610"]
[EventDate "2020.05.26"]

1. g3 c5 2. Bg2 g6 3. c3 Bg7 4. Nf3 e5 5. d3 Nc6 6. O-O Nge7 7. Na3 O-O 8. e4 d5
9. Re1 d4 10. cxd4 cxd4 11. Bd2 h6 12. b4 Be6 13. b5 Nb8 14. Qc1 Kh7 15. Qb2 Nd7
16. Rac1 Nb6 17. Nc2 a5 18. Nh4 Qd7 19. f4 exf4 20. gxf4 f5 21. e5 Rfd8 22. Nf3
Bd5 23. Ncxd4 a4 24. Be3 a3 25. Qf2 Na4 26. h4 Nb2 27. Qd2 Bxa2 28. Ra1 Bd5 29.
Rec1 Bxf3 30. Bxf3 Nd5 31. Bf2 h5 32. Kh2 Bh6 33. Ne2 Nb6 34. Bxb6 Nxd3 35. Rd1
Rdc8 36. Qxd3 Qxd3 37. Rxd3 Rc2 38. Rdxa3 Bxf4+ 39. Kg2 Rd8 40. Bxd8 1-0

[Event "Euro Online U2300 Day 2"]
[Site "chess.com INT"]
[Date "2020.05.26"]
[Round "1"]
[White "Tsereteli, Tornike"]
[Black "Aliakbarov, Anar"]
[Result "0-1"]
[BlackTitle "FM"]
[WhiteElo "1735"]
[BlackElo "2219"]
[WhiteFideId "13612565"]
[BlackFideId "13401858"]
[EventDate "2020.05.26"]

1. e4 e5 2. Nf3 Nc6 3. Bb5 a6 4. Bxc6 dxc6 5. O-O Qd6 6. d4 exd4 7. Nxd4 Bd7 8.
e5 Qg6 9. f4 O-O-O 10. c3 c5 11. Nf3 Bb5 12. Nbd2 Bxf1 13. Qxf1 Qd3 14. Qf2 Nh6
15. Ne1 Qd5 16. h3 c4 17. Ndf3 Nf5 18. Kh2 Bc5 19. Qc2 Ne3 20. Bxe3 Bxe3 21. g3
g6 22. b3 cxb3 23. axb3 h5 24. Qe2 Bb6 25. c4 Qc5 26. Nd3 Qe3 27. Qxe3 Bxe3 28.
Nb4 h4 29. Nd5 hxg3+ 30. Kxg3 Ba7 31. Ng5 Rd7 32. Kg4 c6 33. Nf6 Re7 34. Nge4
Bb8 35. c5 Bc7 36. Nd6+ Bxd6 37. cxd6 Re6 38. Rd1 Rd8 39. Ne4 f5+ 40. exf6 Rxe4
41. Kg5 Kd7 42. Kxg6 Rxf4 43. Kf7 Rh8 44. Re1 Rh6 45. Re7+ Kxd6 46. Rxb7 Rfxf6+
47. Kg7 Rfg6+ 48. Kf7 Rh7+ 0-1

[Event "Euro Online U2300 Day 2"]
[Site "chess.com INT"]
[Date "2020.05.26"]
[Round "1"]
[White "Kabanova, Ekaterina"]
[Black "Trokhymyshyn, Sergii"]
[Result "1/2-1/2"]
[WhiteTitle "WFM"]
[WhiteElo "2138"]
[BlackElo "2157"]
[WhiteFideId "24112917"]
[BlackFideId "14135604"]
[EventDate "2020.05.26"]

1. c4 e6 2. e3 d5 3. a3 Nf6 4. Qc2 c5 5. d3 Be7 6. Nd2 O-O 7. Ngf3 Nc6 8. Be2 e5
9. cxd5 Nxd5 10. b3 Be6 11. Bb2 f6 12. Rc1 Rc8 13. O-O Qe8 14. Rfe1 Qg6 15. Bf1
Rfd8 16. Qb1 Bf8 17. Ne4 b6 18. Ned2 Nde7 19. Qc2 Qf7 20. Nc4 Nf5 21. Be2 Kh8
22. Bd1 Qg6 23. Qb1 Nd6 24. Bc2 Qh5 25. Ncd2 Nf5 26. Ne4 Nh4 27. Nxh4 Qxh4 28.
Ng3 Na5 29. Bc3 Nc6 30. Qa1 Qg5 31. Rcd1 Qg6 32. Qb2 Qf7 33. b4 Qe7 34. b5 Nb8
35. Bb1 c4 36. Bb4 Qf7 37. dxc4 Bxc4 38. Rxd8 Rxd8 39. Rc1 Be6 40. Bxf8 Qxf8 41.
h3 Rc8 42. Rd1 Nd7 43. Ne4 Nc5 44. Ng3 Na4 45. Qd2 Qxa3 46. Be4 Qe7 47. Bc6 Nc5
48. f4 Kg8 49. f5 Bb3 50. Bd5+ Bxd5 51. Qxd5+ Qf7 52. Qd6 Qc7 53. Qd5+ Qf7 54.
Qd6 Qc7 55. Qd5+ Qf7 1/2-1/2